Statistiken für Bundesliga-Spieler mit den meisten verwandelten Elfmetern Saison 22/23

Klicken Sie hier um das Quiz zu spielen!

Allgemein

  • Dieses Quiz wurde 87 mal gespielt
  • Das Durchschnittsergebnis liegt bei 7 aus 13

Antwortstatistiken

VereinSpielerVerwandelte Elfmeter% Korrekt
SC FreiburgVincenzo Grifo7
99%
Werder BremenNiclas Füllkrug5
92%
FC Schalke 04Marius Bülter4
73%
TSG HoffenheimAndrej Kramarić4
72%
RB LeipzigChristopher Nkunku3
69%
Hertha BSCDodi Lukebakio5
55%
VfL WolfsburgMaximilian Arnold3
44%
FC AugsburgMërgim Berisha3
32%
Eintracht FrankfurtDaichi Kamada3
31%
1. FC KölnFlorian Kainz3
28%
Bayer 04 LeverkusenExequiel Palacios3
26%
1. FSV Mainz 05Marcus Ingvartsen4
21%
VfL BochumKevin Stöger3
18%

Verteilung der Resultate

Perzentil nach korrekt beantworteten Fragen

Anzahl Personen mit jedem Resultat

Ihre Resultats-Entwicklung

Sie haben dieses Quiz noch nicht gespielt